00520nam a2200193 a 4500001001300000003000900013005001700022008004100039020002500080082001500105100002500120245002900145260004900174300000900223500003500232505001000267650002400277700002500301nice12345678IN_TiNIC20260116012744.0050524s1989 alba grp 000 0 eng  a0791474 c352.500a200.1bNAS aNasr, Deyyed Hossein aKnowledge and the Sacred aAlbany bState University of New York c1989 a341p aincludes index and biblioraphy2 aIndex aReligion-Philosophy1 aNasr, Deyyed Hossein